000 00652nam a2200181 4500
008 090608s1979 enk 000 0 eng
020 _a0860650316 :gift Elder Henry Co
090 _aBS2545.C5
_bB18i
100 1 _aBalchin, John F.
245 1 0 _aI want to know what the Bible says about the church /
_cJohn F. Balchin
260 _aEastbourne :
_bKingsway,
_c1979.
300 _a144 p. ;
_c20 cm.
490 1 _aKingsway Bible teaching series
504 _aIncludes bibliographical references (p.140) and index.
650 4 _aChurch
_xBiblical teaching
951 _p32913
_x00037819
_oBS2545.C5/B18i
_j090608151337968
_d2000-12-21
_cGC
999 _c33307
_d33307